Sports Quiz

Random Sports or MLB Quiz

3000 Hits Less Than 200 HR Quiz Stats

 Plays Quiz not verified by Sporcle

Challenge
Share
Tweet
Embed
Score 0/12 Timer 01:00
0 Plays Today
Hits % Correct
4,256Pete Rose
96.7%
4,189Ty Cobb
96.7%
3,514Tris Speaker
78.1%
3,010Wade Boggs
71.4%
3,435Cap Anson
68.6%
3,053Rod Carew
67.6%
3,141Tony Gwynn
64.8%
3,420Honus Wagner
63.8%
3,315Eddie Collins
62.9%
3,023Lou Brock
59.5%
3,152Paul Waner
51%
3,232Nap Lajoie
47.1%

You're not logged in!

Compare scores with friends on all Sporcle quizzes.
Join for Free
OR
Log In

You Might Also Like...

Show Comments

Extras

Top Quizzes Today


Score Distribution

Your Account Isn't Verified!

In order to create a playlist on Sporcle, you need to verify the email address you used during registration. Go to your Sporcle Settings to finish the process.

Report this User

Report this user for behavior that violates our Community Guidelines.

Details: